000 00995nam a22003617a 4500
001 BR2018002140
003 BR-BrBNA
005 20230928105343.0
007 ta
008 230509b bl.||||| |||| 00| 0 por d
040 _aBR-BrBNA
_bpor
_cBiblioteca Nacional de Agricultura
041 _a(Por)
072 _aL00; E15; N10
_b5300
_b4430
090 _ 5300 BR2018002140
100 1 _aGodinho, J.F.
245 1 _aSuinocultura: tecnologia e viabilidade econômica
250 1 _a3. ed.
260 3 _aSão Paulo, SP (Brasil):
_bLivraria Nobel S.A.,
_c1987.
300 _a323 p.
500 _a42 ref.; 129 illus.
650 _aPRODUÇÃO ANIMAL
650 _aMICROECONOMIA
650 _aSUINO
650 _aINSTALAÇÃO AGRÍCOLA
650 _aCRIAÇÃO
650 _aANALISE ECONOMICA
650 _aMELHORAMENTO GENÉTICO ANIMAL
650 _aMANEJO
650 _aFISIOLOGIA ANIMAL
650 _aNUTRIÇÃO ANIMAL
909 _a202309
_bLucia
_c55
_dLucia Elande
942 _cBK
999 _c84787
_d84787